<?xml version="1.0" encoding="UTF-8"?><?xml-stylesheet type="text/xsl" href="static/style.xsl"?><OAI-PMH xmlns="http://www.openarchives.org/OAI/2.0/" xmlns:xsi="http://www.w3.org/2001/XMLSchema-instance" xsi:schemaLocation="http://www.openarchives.org/OAI/2.0/ http://www.openarchives.org/OAI/2.0/OAI-PMH.xsd"><responseDate>2026-04-27T19:54:35Z</responseDate><request verb="GetRecord" identifier="oai:uvadoc.uva.es:10324/9073" metadataPrefix="marc">https://uvadoc.uva.es/oai/request</request><GetRecord><record><header><identifier>oai:uvadoc.uva.es:10324/9073</identifier><datestamp>2021-06-23T11:01:34Z</datestamp><setSpec>com_10324_1161</setSpec><setSpec>com_10324_931</setSpec><setSpec>com_10324_894</setSpec><setSpec>col_10324_1823</setSpec></header><metadata><record xmlns="http://www.loc.gov/MARC21/slim" xmlns:doc="http://www.lyncode.com/xoai" xmlns:xsi="http://www.w3.org/2001/XMLSchema-instance" xmlns:dcterms="http://purl.org/dc/terms/" xsi:schemaLocation="http://www.loc.gov/MARC21/slim http://www.loc.gov/standards/marcxml/schema/MARC21slim.xsd">
<leader>00925njm 22002777a 4500</leader>
<datafield tag="042" ind1=" " ind2=" ">
<subfield code="a">dc</subfield>
</datafield>
<datafield tag="720" ind1=" " ind2=" ">
<subfield code="a">Delgado Urrecho, José María</subfield>
<subfield code="e">author</subfield>
</datafield>
<datafield tag="260" ind1=" " ind2=" ">
<subfield code="c">2004</subfield>
</datafield>
<datafield tag="520" ind1=" " ind2=" ">
<subfield code="a">Análisis de la población femenina en el medio rural de Castilla y León: desequilibrios territoriales, contrastes en las estructura etarias, caracterización sociodemográfica, emigración selectiva e importancia de la inmigración de extranjeras.</subfield>
</datafield>
<datafield tag="024" ind2=" " ind1="8">
<subfield code="a">"Distribución espacial y características de las mujeres rurales", en Alario Trigueros, M. (Coord.): Las mujeres en el medio rural de Castilla y León. Valladolid, CESCYL, 2004, págs.67 a 162.</subfield>
</datafield>
<datafield tag="024" ind2=" " ind1="8">
<subfield code="a">http://uvadoc.uva.es/handle/10324/9073</subfield>
</datafield>
<datafield ind1=" " ind2=" " tag="653">
<subfield code="a">Geografía-España-Castilla y León</subfield>
</datafield>
<datafield ind1=" " ind2=" " tag="653">
<subfield code="a">Castilla y León (España)-Población</subfield>
</datafield>
<datafield tag="245" ind1="0" ind2="0">
<subfield code="a">Distribución espacial y características demográficas de las mujeres rurales</subfield>
</datafield>
</record></metadata></record></GetRecord></OAI-PMH>